Otto Rubensohn's Excavations on Paros I

محفوظ في:

المؤلفون الرئيسيون: Alušík, Tomáš (مؤلف), Alušíková Dostalíková, Pavla (مؤلف)

التنسيق: كتاب

منشور في: Oxford Archaeopress Publishing Ltd 2025

الوسوم: إضافة وسم

لا توجد وسوم, كن أول من يضع وسما على هذه التسجيلة!

رقم الطلب:

LEADER 00698namaa2200181 4500
001 9781805830160
003 UkOxAP
005 20260405155016.0
020 |a 9781805830177 
776 1 |x 9781805830160 
245 0 0 |a Otto Rubensohn's Excavations on Paros I 
100 1 |a Alušík, Tomáš  |e Author  |l English 
700 1 |a Alušíková Dostalíková, Pavla  |e Author  |l English 
856 4 2 |a http://library.arce.org:8087/Archaeopress/Products/9781805830177 
260 |a Oxford  |b Archaeopress Publishing Ltd  |c 2025 
270 |a Archaeopress Publishing Ltd, Summertown Pavillion, 18 -24 Middle Way, Summertown  |b Oxford  |d United Kingdom  |e OX2 7LG  |k 44-1865-311914  |m info@archaeopress.com 
942 |2 lcc  |c EBOOK 
999 |c 62083  |d 62083